15 great russian short stories
Guardat en:
| Format: | Llibre |
|---|---|
| Idioma: | Undetermined |
| Publicat: |
New York, Estados Unidos
Washington Square Press
1965
|
| Matèries: | |
| Etiquetes: |
Afegir etiqueta
Sense etiquetes, Sigues el primer a etiquetar aquest registre!
|
MARC
| LEADER | 00000nam a2200000Ia 4500 | ||
|---|---|---|---|
| 008 | 170316s9999 xx 000 0 und d | ||
| 040 | |a cru BVZT | ||
| 090 | |a 891 F-1t | ||
| 245 | |a 15 great russian short stories | ||
| 260 | |a New York, Estados Unidos | ||
| 260 | |b Washington Square Press | ||
| 260 | |c 1965 | ||
| 300 | |a 295 páginas | ||
| 650 | |a LITERATURA RUSA | ||
| 999 | |c 12039 |d 12039 | ||
| 942 | |c 15 D |h 891 F-1t |2 z | ||
